Trozos escogidos en prosa y verso de la literatura castellana: para uso de los estudiantes de gramática y de retórica
Furkejuvvon:
| Materiálatiipa: | Girji |
|---|---|
| Giella: | espánnjágiella |
| Almmustuhtton: |
Valparaíso
Imprenta Católica
1896
|
| Fáttát: | |
| Fáddágilkorat: |
Lasit fáddágilkoriid
Eai fáddágilkorat, Lasit vuosttaš fáddágilkora!
|
MARC
| LEADER | 00000nam a2200000 a 4500 | ||
|---|---|---|---|
| 001 | UCZ1798 | ||
| 003 | CL-VaPUC | ||
| 008 | 950907e18960000CL |||||||||||||||||spa|d | ||
| 082 | 0 | 4 | |a 860.9 |b TRO |2 21 |
| 245 | 1 | 0 | |a Trozos escogidos en prosa y verso de la literatura castellana: para uso de los estudiantes de gramática y de retórica |
| 300 | |a 496 p | ||
| 942 | |c BK | ||
| 945 | |d 19950907 00:00:00 |a rbrito | ||
| 260 | |a Valparaíso |b Imprenta Católica |c 1896 | ||
| 650 | 0 | |a Literatura española |9 306261 | |
| 650 | 0 | |a Crítica literaria |9 269189 | |
| 583 | |a last modification |c 19950907 00:00:00 |k Rodrigo Vera | ||
| 999 | |c 238499 |d 238497 | ||
| 952 | |0 0 |1 0 |4 0 |6 860_900000000000000_TRO_1896 |7 0 |8 P |9 248706 |a BIBEDU |b BIBEDU |c BIBEDU_PB |d 2019-11-18 |i 3115283 |o 860.9 TRO 1896 |p 3115283 |r 2024-01-25 |w 2019-11-18 |y BK |k LIT | ||